000 00677nam a2200229Ia 4500
003 OSt
005 20220918225244.0
006 a|||||r|||| 00| 0
007 ta
008 220917b |||||||| |||| 00| 0 eng d
024 _a239,353
037 _cTextual
040 _aARTS
_cARTS
_beng
041 _2eng
_aeng
082 _aWjN17, N2
100 _aArora Ramesh K
_925675
245 0 _aPolitics and administration in changing societies
_b essays in honour of professor fred w.riggs
260 _aNew Delhi
_bAssociated Publishing House
_c1992
650 _aPOLITICAL SCIENCE
942 _hWjN17, N2
_cTEXL
_2CC
999 _c284115
_d284115